|
|
|
|
| LEADER |
00604nam a22002052a 4500 |
| 001 |
000962636 |
| 003 |
CZ BrMZK |
| 005 |
20100108110730.0 |
| 007 |
ta |
| 008 |
090825s1961 xr er|||||||||||spa d |
| 040 |
|
|
|a BOA001
|b cze
|
| 100 |
1 |
|
|a Solar, Gustav
|4 aut
|
| 245 |
1 |
0 |
|a Come a perché pianifiere /
|c Gustav Solar, Karel Štrádal
|
| 260 |
|
|
|a Praga :
|b Orbis,
|c 1961
|
| 300 |
|
|
|a 1 sv. (nestránkován)
|
| 700 |
1 |
|
|a Štrádal, Karel
|4 aut
|
| 910 |
|
|
|a BOA001
|b 1-0468.450
|
| 990 |
|
|
|a BK
|
| 991 |
|
|
|b 200908
|
| 996 |
6 |
|
|b 2619435043
|c 1-0468.450
|l MZK
|r Sklad / do 1 hodiny
|n 0
|w 000962636
|u 000010
|a 1
|e BOA001
|j MZK50
|s P
|